000 01109nam a2200313Ia 4500
001 Para_8832
003 CHAP
008 220125s2003 xx 000 0 und d
010 _a207595
040 _cCHAP
090 _aPA TESIS 1794
100 _aHernández Ibáñez, Vicente
_954181
245 _aBiodiversidad de hongos fitopatógenos de la granada (Punica granatum L.) en postcosecha por análisis morfológicos y moleculares /
_c por Vicente Hernández Ibáñez
260 _aChapingo, Méx. :
_b el autor
300 _a71 h.
502 _aTesis (Ing. Agr. Esp. en Parasitología Agrícola) -- UACh. Departamento Parasitología Agrícola
650 _aArboles frutales
650 _aFruta
_x enfermedades por hongos
_943612
650 _aGranada
_x enfermedades por hongos
_9131598
650 _aHongos fitopatógenos
_956132
710 _aUACh. Departamento Parasitología Agrícola
_9164025
901 _aPA TESIS 1794
902 _aA
905 _a0000002003 an 0000000000 00
910 _a2003
942 _cPARA
942 _cPARA
_d1
999 _c207595
_d207595